<?xml version="1.0" encoding="UTF-8"?>
<record
    xmlns:xsi="http://www.w3.org/2001/XMLSchema-instance"
    xsi:schemaLocation="http://www.loc.gov/MARC21/slim http://www.loc.gov/standards/marcxml/schema/MARC21slim.xsd"
    xmlns="http://www.loc.gov/MARC21/slim">

  <leader>00687nam a2200181   4500</leader>
  <datafield tag="999" ind1=" " ind2=" ">
    <subfield code="c">606</subfield>
    <subfield code="d">606</subfield>
  </datafield>
  <controlfield tag="001">849</controlfield>
  <controlfield tag="005">20190801102057.0</controlfield>
  <controlfield tag="008">190801b           ||||| |||| 00| 0 eng d</controlfield>
  <datafield tag="090" ind1="0" ind2="0">
    <subfield code="a">243.3 D699p1999</subfield>
  </datafield>
  <datafield tag="100" ind1="0" ind2="0">
    <subfield code="a">Dorji, Sangay.</subfield>
  </datafield>
  <datafield tag="245" ind1="0" ind2="0">
    <subfield code="a">&#xF51;&#xF54;&#xF63;&#xF0C;&#xF63;&#xFA1;&#xF53;&#xF0C;&#xF60;&#xF56;&#xFB2;&#xF74;&#xF42;&#xF0C;&#xF54;&#xF0C;&#xF62;&#xF72;&#xF53;&#xF0C;&#xF54;&#xF7C;&#xF0C;&#xF46;&#xF7A;&#xF0C;&#xF5E;&#xF56;&#xF66;&#xF0C;&#xF51;&#xFB2;&#xF74;&#xF44;&#xF0C;&#xF44;&#xF42;&#xF0C;&#xF51;&#xF56;&#xF44;&#xF0C;&#xF62;&#xFA3;&#xF58;&#xF0C;&#xF62;&#xF92;&#xFB1;&#xF63;&#xF0C;&#xF42;&#xFB1;&#xF72;&#xF0C;&#xF62;&#xFA3;&#xF58;&#xF0C;&#xF50;&#xF62;&#xF0D;</subfield>
    <subfield code="c">Sangay Dorji.</subfield>
  </datafield>
  <datafield tag="246" ind1=" " ind2=" ">
    <subfield code="a">[Biography of Zhadrung Ngawang Namgyel].</subfield>
  </datafield>
  <datafield tag="260" ind1="0" ind2="0">
    <subfield code="a">Thimphu :</subfield>
    <subfield code="b">KMT Publisher,</subfield>
    <subfield code="c">1999.</subfield>
  </datafield>
  <datafield tag="300" ind1="0" ind2="0">
    <subfield code="a">399 p. : col. ill.</subfield>
  </datafield>
  <datafield tag="500" ind1="0" ind2="0">
    <subfield code="a">In Dzongkha.</subfield>
  </datafield>
  <datafield tag="600" ind1=" " ind2=" ">
    <subfield code="a">Nag-dban-rnam-rgyal, Zabs-drun Rinpoche.</subfield>
  </datafield>
  <datafield tag="942" ind1=" " ind2=" ">
    <subfield code="2">ddc</subfield>
    <subfield code="c">DZONGKHA</subfield>
  </datafield>
  <datafield tag="952" ind1=" " ind2=" ">
    <subfield code="0">0</subfield>
    <subfield code="1">0</subfield>
    <subfield code="2">ddc</subfield>
    <subfield code="4">0</subfield>
    <subfield code="7">0</subfield>
    <subfield code="8">DZONGKHA</subfield>
    <subfield code="a">RTCLIB</subfield>
    <subfield code="b">RTCLIB</subfield>
    <subfield code="c">DZONGKHA</subfield>
    <subfield code="d">2021-03-30</subfield>
    <subfield code="g">250.00</subfield>
    <subfield code="h"> </subfield>
    <subfield code="i">3565</subfield>
    <subfield code="l">10</subfield>
    <subfield code="m">2</subfield>
    <subfield code="o">920 DOR</subfield>
    <subfield code="p">30002522</subfield>
    <subfield code="r">2024-03-26 00:00:00</subfield>
    <subfield code="s">2024-03-22</subfield>
    <subfield code="t">5</subfield>
    <subfield code="w">2018-11-27</subfield>
    <subfield code="y">DZONGKHA</subfield>
  </datafield>
  <datafield tag="952" ind1=" " ind2=" ">
    <subfield code="0">0</subfield>
    <subfield code="1">0</subfield>
    <subfield code="2">ddc</subfield>
    <subfield code="4">0</subfield>
    <subfield code="7">0</subfield>
    <subfield code="8">DZONGKHA</subfield>
    <subfield code="a">RTCLIB</subfield>
    <subfield code="b">RTCLIB</subfield>
    <subfield code="c">DZONGKHA</subfield>
    <subfield code="d">2021-03-22</subfield>
    <subfield code="g">250.00</subfield>
    <subfield code="h"> </subfield>
    <subfield code="i">3563</subfield>
    <subfield code="l">9</subfield>
    <subfield code="m">3</subfield>
    <subfield code="o">920 DOR</subfield>
    <subfield code="p">30002502</subfield>
    <subfield code="r">2025-09-11 00:00:00</subfield>
    <subfield code="s">2025-09-04</subfield>
    <subfield code="t">4</subfield>
    <subfield code="w">2018-11-27</subfield>
    <subfield code="y">DZONGKHA</subfield>
  </datafield>
  <datafield tag="952" ind1=" " ind2=" ">
    <subfield code="0">0</subfield>
    <subfield code="1">0</subfield>
    <subfield code="2">ddc</subfield>
    <subfield code="4">0</subfield>
    <subfield code="7">0</subfield>
    <subfield code="8">DZONGKHA</subfield>
    <subfield code="a">RTCLIB</subfield>
    <subfield code="b">RTCLIB</subfield>
    <subfield code="c">DZONGKHA</subfield>
    <subfield code="d">2021-03-01</subfield>
    <subfield code="g">250.00</subfield>
    <subfield code="h"> </subfield>
    <subfield code="i">3561</subfield>
    <subfield code="l">7</subfield>
    <subfield code="m">2</subfield>
    <subfield code="o">920 DOR</subfield>
    <subfield code="p">30002527</subfield>
    <subfield code="r">2026-03-05 08:53:40</subfield>
    <subfield code="s">2024-08-16</subfield>
    <subfield code="t">2</subfield>
    <subfield code="w">2018-11-27</subfield>
    <subfield code="y">DZONGKHA</subfield>
  </datafield>
  <datafield tag="952" ind1=" " ind2=" ">
    <subfield code="0">0</subfield>
    <subfield code="1">0</subfield>
    <subfield code="2">ddc</subfield>
    <subfield code="4">0</subfield>
    <subfield code="7">0</subfield>
    <subfield code="8">DZONGKHA</subfield>
    <subfield code="a">RTCLIB</subfield>
    <subfield code="b">RTCLIB</subfield>
    <subfield code="c">DZONGKHA</subfield>
    <subfield code="d">2022-01-03</subfield>
    <subfield code="g">250.00</subfield>
    <subfield code="h"> </subfield>
    <subfield code="i">3562</subfield>
    <subfield code="l">2</subfield>
    <subfield code="o">920 DOR</subfield>
    <subfield code="p">30002507</subfield>
    <subfield code="r">2025-09-22 00:00:00</subfield>
    <subfield code="s">2025-09-09</subfield>
    <subfield code="t">3</subfield>
    <subfield code="w">2018-11-27</subfield>
    <subfield code="y">DZONGKHA</subfield>
  </datafield>
</record>
